Traité élémentaire d'arithmétique, à l'usage de l'École centrale des Quatre-Nations / (Record no. 166589)

MARC details
000 -LEADER
campo de control de longitud fija 00690nam a22001935i 4500
001 - NÚMERO DE CONTROL
campo de control 166589
003 - IDENTIFICADOR DE NÚMERO DE CONTROL
campo de control ES-MaACL
005 - FECHA Y HORA DE LA ÚLTIMA TRANSACCIÓN
campo de control 20250929063246.0
008 - DATOS DE LONGITUD FIJA--INFORMACIÓN GENERAL
campo de control de longitud fija 040802s1801 fr |||| | fre d
040 ## - FUENTE DE CATALOGACIÓN
Centro catalogador/agencia de origen CAM
Lengua de catalogación spa
Centro/agencia transcriptor CAM
100 1# - ENTRADA PRINCIPAL--NOMBRE DE PERSONA
Nombre de persona Lacroix, Silvestre-François,
Fechas asociadas al nombre 1765-1843
9 (RLIN) 128571
245 10 - MENCIÓN DEL TÍTULO
Título Traité élémentaire d'arithmétique, à l'usage de l'École centrale des Quatre-Nations /
Mención de responsabilidad, etc. [par S.-F. Lacroix.
250 ## - MENCION DE EDICION
Mención de edición 3me. éd.
260 ## - PUBLICACIÓN, DISTRIBUCIÓN, ETC.
Lugar de publicación, distribución, etc. A Paris :
Nombre del editor, distribuidor, etc. de l'imprimerie de Crapelet :
-- chez Duprat,
Fecha de publicación, distribución, etc. 1801.
300 ## - DESCRIPCIÓN FÍSICA
Extensión 157 p. ;
Dimensiones 20 cm.
650 07 - PUNTO DE ACCESO ADICIONAL DE MATERIA--TÉRMINO DE MATERIA
Término de materia o nombre geográfico como elemento de entrada Aritmética
Fuente del encabezamiento o término embne
9 (RLIN) 9963
852 ## - LOCALIZACIÓN
Ubicación ES-MaACL
Número de control de estantería C-3872(2)
Nota libre -- Enc. pasta española
Holdings
Estatus retirado Estado de pérdida Estado de daño No para préstamo Colección Biblioteca de origen Biblioteca actual Ubicación en estantería Fecha de adquisición Fuente de adquisición Total de préstamos Signatura topográfica completa Código de barras Visto por última vez Precio de reemplazo Tipo de ítem Koha
        Libros del s. XIX Biblioteca del Ateneo de Madrid Biblioteca del Ateneo de Madrid Sala Palomar 17/01/2008     C-3872(2) 1174720 23/02/2023 23/02/2023 Libro impreso antiguo